Modelling High-frequency Financial Time Series
Gespeichert in:
| 1. Verfasser: | |
|---|---|
| Format: | Buchkapitel |
| Sprache: | Englisch |
| Schlagworte: | |
| Tags: |
Keine Tags, Fügen Sie das erste Tag hinzu!
|
MARC
| LEADER | 00000naa$a2200000$$$4500 | ||
|---|---|---|---|
| 001 | 0067819 | ||
| 005 | 20240502083202.0 | ||
| 041 | 0 | |a eng | |
| 044 | |a PT | ||
| 245 | 1 | 0 | |a Modelling High-frequency Financial Time Series |c Michaela Chocholatá |
| 500 | |a Abstrakt | ||
| 610 | 2 | 0 | |a rady časové |
| 610 | 2 | 0 | |a kurz výmenný |
| 610 | 2 | 0 | |a sadzby úrokové |
| 610 | 2 | 0 | |a papiere cenné |
| 610 | 2 | 0 | |a modelovanie |
| 100 | 1 | |a Chocholatá, Michaela, 1977- | |